Kurse Mitteilungen: bemerkungen über die Häu tung der Brückenechse (<Sphenodon punctatus>) in Gefangenschaft (Registro nro. 9335)

Detalles MARC
000 -CABECERA
Campo de control 004830000a22001570004500
090 ## - CLASIFICACIÓN LOCAL
Colección AR
Consecutivo 00235
041 0# - IDIOMA
Código de idioma para texto/pista de sonido o título separado
100 1# - ASIENTO PRINCIPAL--NOMBRE PERSONAL
Nombre personal Mertens, Robert
245 10 - MENCION DE TITULO
Título Kurse Mitteilungen: bemerkungen über die Häu tung der Brückenechse (<Sphenodon punctatus>) in Gefangenschaft
650 14 - ASIENTO SECUNDARIO DE MATERIA - TERMINO TEMATICO
Término temático o nombre geográfico como elemento de entrada Fauna
650 14 - ASIENTO SECUNDARIO DE MATERIA - TERMINO TEMATICO
Término temático o nombre geográfico como elemento de entrada Reptiles
650 14 - ASIENTO SECUNDARIO DE MATERIA - TERMINO TEMATICO
Término temático o nombre geográfico como elemento de entrada Biología
653 ## - TERMINO DE INDIZACION - NO CONTROLADO
-- Sphenodom
-- Sphenodom punctatus
773 1# - Item fuente:
Título Salamandra
Especificación de materiales 88
Descripción física 2
Paginas del Articulo 81-86
Lugar, editorial y fecha de publicación 1971
Información sobre la relación 7
942 ## - ELEMENTOS ADICIONALES (KOHA)
Tipo de ítem Artículo
Existencias
Withdrawn status Lost status Damaged status No para préstamo Colección Ubicación Permanente Ubicación actual Fecha de adquisición Fuente de Valor Datos de publicación Seriada Total Checkouts Número topográfico Inventario / Código de Barras Date last seen Ejemplar Price effective from Forma de adquisición Tipo de material
      No para Préstamo Hemeroteca Bogotá Bogotá 27/02/2015 CID Humboldt Fuera de circulación   AR 00235 010478 25/03/2015 1 25/03/2015   Artículo